Verejné investície a ich vplyv na zamestnanosť

Pojem verejné investície a ich vplyv na zamestnanosť v SR. Význam a rozsah verejných investícií pre ekonomiku Slovenska. Vývoj zamestnanosti na verejných investíciách v r. 1992-1995.

Gespeichert in:
Bibliographische Detailangaben
1. Verfasser: Sirotka, D.
Format: Buchkapitel
Sprache:Slowakisch
Schlagworte:
Tags: Tag hinzufügen
Keine Tags, Fügen Sie das erste Tag hinzu!

MARC

LEADER 00000naa a2200000 4500
001 r023110
005 20230925095318.1
041 0 |a slo 
044 |a SK 
245 1 0 |a Verejné investície a ich vplyv na zamestnanosť  |c D. Sirotka 
520 |a Pojem verejné investície a ich vplyv na zamestnanosť v SR. Význam a rozsah verejných investícií pre ekonomiku Slovenska. Vývoj zamestnanosti na verejných investíciách v r. 1992-1995. 
610 2 0 |a investície verejné 
610 2 0 |a pojmy 
610 2 0 |a zamestnanosť 
610 2 0 |a Slovensko 
610 2 0 |a 1992-1995 
610 2 0 |a stavebníctvo 
610 2 0 |a údaje štatistické 
100 1 |a Sirotka, D.